Normal view
MARC view
Entry Personal Name
001 - CONTROL NUMBER
- control field: 7845
003 - CONTROL NUMBER IDENTIFIER
- control field: OSt
005 - DATE AND TIME OF LATEST TRANSACTION
- control field: 20211028144250.0
008 - FIXED-LENGTH DATA ELEMENTS
- fixed length control field: 211028|| aca||aabn | a|a d
040 ## - CATALOGING SOURCE
- Original cataloging agency: OSt
- Transcribing agency: OSt
100 ## - HEADING--PERSONAL NAME
- Personal name: Krishna V, Lakshmi; P V Sumitha.
- Miscellaneous information: 1616089
670 ## - SOURCE DATA FOUND
- Source citation: Work cat.: (OSt): Krishna V, Lakshmi; P V Sumitha. 1616089, Study on recruitment issues at Norwin technologies Bangalore., 2018